| 000 | 01472nam a2200337 i 4500 | ||
|---|---|---|---|
| 001 | 21488672 | ||
| 003 | EG-ScBUE | ||
| 005 | 20230307053330.0 | ||
| 008 | 200402t2021 nyu f b 001 0 eng d | ||
| 020 | _a9781260460254 | ||
| 020 | _a1260460258 | ||
| 040 |
_aDLC _beng _erda _cDLC _dDLC _dEG-ScBUE |
||
| 082 | 0 | 4 |
_a621.38456 _222 _bEND |
| 245 | 0 | 0 |
_aEnd-to-end mobile communications : _bevolution to 5G / _cSyed S. Husain, [and five others] |
| 264 | 1 |
_aNew York : _bMcGraw Hill, _c[2021] |
|
| 264 | 4 | _cc2021 | |
| 300 |
_axv, 334 pages ; _c25 cm |
||
| 336 |
_atext _btxt _2rdacontent |
||
| 337 |
_aunmediated _bn _2rdamedia |
||
| 338 |
_avolume _bnc _2rdacarrier |
||
| 504 | _aIncludes bibliographical references and index. | ||
| 520 |
_a"This book presents the foundations of mobile communications, from architecture to function, leading up to a special focus on 5G services, networks, and applications. The book also presents a primer on the vast topic of mobile technology security as well as a peek at the future evolution of mobile systems"-- _cProvided by publisher. |
||
| 650 | 7 |
_a5G mobile communication systems. _2BUEsh |
|
| 653 |
_bENGGEN _bCOMAME _cMarch2023 |
||
| 655 | _vReading book | ||
| 700 | 1 |
_aHusain, Syed S., _eeditor. |
|
| 906 |
_a7 _bcbc _corignew _d1 _eecip _f20 _gy-gencatlg |
||
| 942 |
_2ddc _cBB |
||
| 999 |
_c30228 _d30199 |
||